Statystyki dla 10 Największych miast w ameryce południowej

Kliknij tutaj aby rozwiązać quiz!

Ogólne statystyki

  • Ten quiz został rozwiązany 31 razy
  • Średni wynik to 6 z 10

Statystyki odpowiedzi

HintOdpowiedź% Poprawnych
3 054 267Buenos Aires
97%
7 862 277Bogota
93%
8 894 412Lima
90%
2 914 830Brasilia
83%
5 507 282Santiago
83%
12 038 175Sao paulo
83%
3 289 886Caracas
72%
2 921 087Salvador
21%
2 591 188Fortaleza
17%
6 476 631Rio de Janiero
7%

Rozkład punktacji

Percentyl według liczby udzielonych odpowiedzi

Procent ludzi z każdym wynikiem

Twoja historia wyników

Nie rozwiązałeś tego quizu